| 000 | 00842nam a2200217 a 4500 | ||
|---|---|---|---|
| 001 | 000026309 | ||
| 005 | 20240510073819.0 | ||
| 008 | 110310s2005 dr 000 0 spa d | ||
| 040 |
_aDO-SdBNP _bspa _cBNPHU |
||
| 082 |
_a264.7 _bR457e |
||
| 100 | 1 |
_aReyes Javier, Carlos _953338 |
|
| 245 | 1 | 3 |
_aLa eficacia de los grupos pequeños : _bpara el crecimiento integral de la iglesia / _cCarlos Reyes Javier ; prólogo Marino Contreras L. |
| 260 |
_aSanto Domingo : _bTriunfo Publicaciones, _c2005. |
||
| 300 |
_axix, 170 p. ; _c22 cm. |
||
| 500 | _aIncluye bibliografía y notas final de capítulos. | ||
| 590 | _aInventariado, 2018/ YL | ||
| 650 | 4 |
_aGrupos de oración _xBautistas, iglesia católica, etc. _9669 |
|
| 650 | 0 |
_aVida cristiana _9668 |
|
| 700 | 1 |
_aContreras L., Marino, _epról. _953339 |
|
| 910 | _aValidado. Control de calidad EMS | ||
| 999 |
_c25801 _d25801 |
||